[Event "Oberliga Bayern 0203"]
[Site "Bayern"]
[Date "2003.03.30"]
[Round "9.5"]
[White "Geschwendtner, Michael"]
[Black "Daeubler, Heinrich"]
[Result "1-0"]
[WhiteElo "2208"]
[BlackElo "2094"]
[PlyCount "55"]
[EventDate "2002.10.20"]
[EventType "team"]
[EventRounds "9"]
[EventCountry "GER"]
[SourceTitle "EXT 2004"]
[Source "ChessBase"]
[SourceDate "2003.11.25"]
[SourceVersion "1"]
[SourceVersionDate "2003.11.25"]
[SourceQuality "1"]
[WhiteTeam "Pasing"]
[BlackTeam "Haunstetten"]
[WhiteTeamCountry "GER"]
[BlackTeamCountry "GER"]

1. e4 e5 2. Nf3 Nc6 3. Bc4 Nf6 4. Ng5 d5 5. exd5 Na5 6. Bb5+ c6 7. dxc6 bxc6 8. Be2 h6 9. Nf3 e4 10. Ne5 Qd4 11. f4 Bc5 12. Rf1 Bd6 13. c3 Qb6 14. d4 exd3 15. Qxd3 Qc7 16. Kf2 0-0 17. Kg1 Rd8 18. Qg3 Ne4 19. Qf3 f5 20. b4 Nb7 21. Bc4+ Kh7 22. Nf7 Re8 23. Qh5 Re7 24. Ng5+ Nxg5 25. fxg5 a5 26. g6+ Kh8 27. Bxh6 Be6 28. Bg5+ 1-0